Multikriteriální bodová metoda k určování vstupní ceny zařízení

Problematika oceňovania strojov a zariadení. Na základe praktického príkladu je odvodený i teoretický prístup k riešeniu. Ide o porovnanie väčšieho počtu technických parametrov stroja, z ktorých každý má rozdielny vplyv na konečnú technickú úroveň a teda i východziu cenu zariadenia. Metodický príst...

Descrizione completa

Salvato in:
Dettagli Bibliografici
Autore principale: Makovec, Jaromír
Natura: Capitolo di libro
Lingua:ceco
Soggetti:
Tags: Aggiungi Tag
Nessun Tag, puoi essere il primo ad aggiungerne!!

MARC

LEADER 00000naa$a2200000$$$4500
001 0005920
005 20231004104254.7
041 0 |a cze 
044 |a CZ 
245 1 0 |a Multikriteriální bodová metoda k určování vstupní ceny zařízení  |c aut. Jaromír Makovec 
520 |a Problematika oceňovania strojov a zariadení. Na základe praktického príkladu je odvodený i teoretický prístup k riešeniu. Ide o porovnanie väčšieho počtu technických parametrov stroja, z ktorých každý má rozdielny vplyv na konečnú technickú úroveň a teda i východziu cenu zariadenia. Metodický prístup je nazvaný multikriteriálna bodová metóda. Využitie vzťahov pre ďalšie rozhodovanie. 
610 2 0 |a oceňovanie 
610 2 0 |a ceny vstupné 
610 2 0 |a zariadenia výrobné 
610 2 0 |a stroje 
610 2 0 |a parametre technické 
610 2 0 |a analýza korelačná 
610 2 0 |a analýza regresná 
100 1 |a Makovec, Jaromír